00721nam a2200229 a 4500001001300000003000900013005001700022008004100039020002300080082001300103100003100116245007300147260004000220300000900260500003500269505001000304700003100314902000800345942000700353952011400360999001700474nice12345678IN_TiNIC20260116014139.0050524s2003 newa grp 000 0 eng  a8125056 c32500a201bJOS aJoseph, George Gheverghese aGeorge Josephb the Life and Times of a Kerala Christian Nationalist aNew Delhi bOrient Blackswan c2003 a272p aincludes index and biblioraphy2 aIndex1 aJoseph, George Gheverghese bSRS cBK 001040708StackRoom-aHMIbHMId2007-03-19g325.00l0o201 JOSp020649r2007-03-19v325.00w2005-05-24yBK c14085d14085